000 02159cam a22002655i 4500
999 _c13981
_d13981
020 _a9781338746273
020 _a1338746278
082 _aFic Ib8 2021
100 1 _aIbura, K.
245 1 0 _aWhen the world turned upside down /
_cby K. Ibura.
260 _aNew York :
_bScholastic Press,
_cc2021.
300 _a275 pages ;
_c22 cm
337 _aunmediated
_bn
520 _aWhat do you do when the world shuts down? A heartwarming story of friendship and overcoming adversity in a time of COVID, When the World Turns Upside Down is about community, giving back, and understanding the world around us through the power of generosity from debut middle grade author K. Ibura. Nobody expected a tiny little virus to change the whole world in such a big way, especially not Shayla, Liam, Ai, and Ben. But when school closes to keep everyone safe, their lives turn upside down. It is one thing to learn that the outside world isn't safe, but why does it seem that the virus is causing trouble inside their homes too? As they each struggle to adjust to life in quarantine, they discover they are not alone: their apartment building is full of people who need their help. Working together, they begin to see that there is power in numbers. When they cooperate, they can ease each other's challenges and help their neighbors through tough times. It's a lesson they'll need when protests explode in the streets. Soon, each friend has to decide what it means to be part of a community--and how much they're willing to do to make this world safer for everyone. Set against the onset of COVID, When the World Turned Upside Down navigates issues of race and social justice in a heartwarming story of generosity, friendship, and the power of youth.
526 _aFICTION
650 0 _aCOVID-19 (Disease)--Juvenile fiction.
650 0 _aEpidemics--Juvenile fiction.
650 0 _aSocial justice--Juvenile fiction.
650 0 _aRacism--Juvenile fiction.
650 0 _aFriendship--Juvenile fiction.
650 0 _aQuarantine--Juvenile fiction.
650 0 _aYouth protest movements--Juvenile fiction.
650 0 _aSocial problem fiction.
942 _2ddc
_cBK